Monitoring reklamných kampaní na sociálnych sieťach diplomová práca

Salvato in:
Dettagli Bibliografici
Autore principale: Eliášová, Iveta
Ente Autore: Obchodná fakulta EU. Katedra informatiky obchodných firiem
Altri autori: Červenka, Peter, 1976-
Natura: Libro
Lingua:slovacco
Pubblicazione: Bratislava 2016
Tags: Aggiungi Tag
Nessun Tag, puoi essere il primo ad aggiungerne!!

MARC

LEADER 00000nbm a2200000 4500
001 0216806
005 20161108143840.0
041 0 |a slo 
044 |a SK 
245 1 0 |a Monitoring reklamných kampaní na sociálnych sieťach  |b diplomová práca  |c Iveta Eliášová ; školiteľ: Peter Červenka 
264 1 |a Bratislava  |c 2016 
300 |a 65 s. 
100 1 |a Eliášová, Iveta 
700 1 |a Červenka, Peter, 1976- 
710 2 |a Obchodná fakulta EU. Katedra informatiky obchodných firiem